| 000 | 01391nam a2200349 a 4500 | ||
|---|---|---|---|
| 001 | ebr10314661 | ||
| 003 | CaPaEBR | ||
| 006 | m u | ||
| 007 | cr cn||||||||| | ||
| 008 | 080905s2008 ne a sb 101 0 eng d | ||
| 010 | _z 2008464648 | ||
| 020 | _z9789053565162 | ||
| 020 | _z9053565167 | ||
| 040 |
_aCaPaEBR _cCaPaEBR |
||
| 035 | _a(OCoLC)471127262 | ||
| 050 | 1 | 4 |
_aPN2039 _b.A48 2008eb |
| 245 | 0 | 0 |
_aAnatomy live _h[electronic resource] : _bperformance and the operating theatre / _cedited by Maaike Bleeker. |
| 260 |
_a[Amsterdam] : _bAmsterdam University Press, _cc2008. |
||
| 300 |
_a270 p. : _bill. |
||
| 490 | 1 | _aMediaMatters | |
| 500 | _aSelected papers presented at the conference "The Anatomical Theatre Revisited" in 2006. | ||
| 504 | _aIncludes bibliographical references and index. | ||
| 533 |
_aElectronic reproduction. _bPalo Alto, Calif. : _cebrary, _d2013. _nAvailable via World Wide Web. _nAccess may be limited to ebrary affiliated libraries. |
||
| 650 | 0 |
_aTheater _xPhilosophy _vCongresses. |
|
| 650 | 0 |
_aTheater _xHistory _vCongresses. |
|
| 650 | 0 |
_aPerformance art _vCongresses. |
|
| 655 | 7 |
_aElectronic books. _2local |
|
| 700 | 1 | _aBleeker, Maaike. | |
| 710 | 2 | _aebrary, Inc. | |
| 830 | 0 | _aMediaMatters. | |
| 856 | 4 | 0 |
_uhttp://site.ebrary.com/lib/rucke/Doc?id=10314661 _zAn electronic book accessible through the World Wide Web; click to view |
| 999 |
_c165333 _d165333 |
||